[Event "Politiken Cup"]
[Site "Copenhagen DEN"]
[Date "2010.08.05"]
[Round "7"]
[White "Astroem,Lars"]
[Black "Knudsen,JesW"]
[Result "1/2-1/2"]
[WhiteElo "1795"]
[BlackElo "1985"]

1.e4 c5 2.c3 Nf6 3.e5 Nd5 4.d4 e6 5.Nf3 cxd4 6.cxd4 Bb4+ 7.Bd2 Qa5 8.Bd3 Nf4
9.Bf1 Bxd2+ 10.Qxd2 Qxd2+ 11.Nbxd2 Ke7 12.g3 Nd5 13.a3 b6 14.O-O-O Ba6 15.Kb1 Rc8
16.Ne4 Bxf1 17.Rhxf1 Na6 18.Rc1 Rf8 19.Nfd2 Nac7 20.f4 f5 21.Nd6 h6 22.h4 Rg8
23.Nf3 g6 24.Rf2 a6 25.Rfc2 Ne8 26.Nxe8 Rgxe8 27.Rc4 Reb8 28.Ka2 a5 29.R4c2 b5
30.b3 b4 31.a4 Nc3+ 32.Kb2 Ne4 33.Nd2 Nxg3 34.Rg1 Ne2 35.Rxg6 Nxd4 36.Rc4 Nc6
37.Rxh6 Rg8 38.Rc2 Raf8 39.Nc4 Rf7 40.Rd2 Rg4 41.Nb6 Rxf4 42.Rxd7+ Kf8 43.Rxe6 Nd4
44.Rf6 Rxf6 45.exf6 Rxh4 46.Nc4 Rh2+ 47.Kb1 Rh1+ 48.Kb2 Rh2+ 49.Kb1 Rh1+  1/2-1/2

[Event "Politiken Cup"]
[Site "Copenhagen DEN"]
[Date "2010.08.06"]
[Round "8"]
[White "Eriksson,C"]
[Black "Laursen,N1"]
[Result "1-0"]
[WhiteElo "2128"]
[BlackElo "2215"]

1.e4 c5 2.c3 Nf6 3.e5 Nd5 4.d4 cxd4 5.Nf3 e6 6.cxd4 d6 7.Bc4 Nb6 8.Bb3 dxe5
9.Nxe5 Nc6 10.Nf3 Be7 11.Nc3 O-O 12.O-O Bd7 13.Be3 Rc8 14.Rc1 Na5 15.Bc2 Nac4
16.Bb1 Bc6 17.Qe2 Bd5 18.Nxd5 Qxd5 19.b3 Nd6 20.Rc5  1-0

[Event "Politiken Cup"]
[Site "Copenhagen DEN"]
[Date "2010.08.06"]
[Round "8"]
[White "Nielsen,LA"]
[Black "Petersen,Nil"]
[Result "1-0"]
[WhiteElo "2279"]
[BlackElo "2053"]

1.e4 c5 2.c3 Nf6 3.e5 Nd5 4.d4 cxd4 5.cxd4 e6 6.Nc3 Nxc3 7.bxc3 Qc7 8.Bd2 b6
9.Nf3 Bb7 10.Bd3 d6 11.exd6 Bxd6 12.O-O Nd7 13.Re1 O-O 14.h3 Bf4 15.Rc1 Bxf3
16.Bxf4 Qxf4 17.Qxf3 Qxf3 18.gxf3 Rac8 19.Red1 Rc7 20.a4 g6 21.Bb5 Nb8 22.f4 Rfc8
23.d5 exd5 24.Rxd5 f5 25.Re1 Kf7 26.Rde5 a6 27.Bf1 a5 28.Bb5 Kg7 29.Re6 Rxc3
30.Rxb6 R3c7 31.Ree6 Kh6 32.Red6 Re7 33.Kg2 Kh5 34.Bd3 Rf8 35.Rb5 Ra7 36.Rdb6 Nd7
37.Re6 Rf7 38.Bc4 Rg7 39.Be2+ Kh6 40.Rxf5 Rg8 41.Rh5+ Kg7 42.Re7+ Kf6 43.Rhxh7  1-0

[Event "111th US Open"]
[Site "Irvine USA"]
[Date "2010.08.06"]
[Round "?"]
[White "Rubsamen,C"]
[Black "Sadorra,J"]
[Result "0-1"]
[WhiteElo "2233"]
[BlackElo "2473"]

1.e4 c5 2.c3 Nf6 3.e5 Nd5 4.Nf3 e6 5.Bc4 d6 6.exd6 Bxd6 7.d4 Nc6 8.O-O cxd4
9.Bxd5 exd5 10.Re1+ Be6 11.Nxd4 O-O 12.Nd2 Nxd4 13.cxd4 Qb6 14.Nf3 Rfc8 15.Re3 Rc4
16.b3 Rc6 17.Ne5 Rc7 18.Bb2 Rac8 19.h3 Bf5 20.Rc1 Rxc1 21.Bxc1 f6 22.Nf3 Bf4  0-1

[Event "Troya Open"]
[Site "Canakkale TUR"]
[Date "2010.08.07"]
[Round "1"]
[White "Sabahifard,A"]
[Black "Maghalashvili,Da"]
[Result "0-1"]
[WhiteElo "1763"]
[BlackElo "2465"]

1.e4 c5 2.c3 Nf6 3.e5 Nd5 4.Bc4 Nb6 5.Bb3 c4 6.Bc2 Nc6 7.Nf3 Qc7 8.Qe2 g5
9.h3 Bg7 10.Nxg5 Qxe5 11.Qxe5 Nxe5 12.Na3 h6 13.Ne4 d5 14.Nc5 Nbd7 15.d4 cxd3
16.Nxd3 Nxd3+ 17.Bxd3 a6 18.Be3 b5 19.Nc2 Rb8 20.f4 h5 21.g3 Bb7 22.Rg1 e6
23.O-O-O Rc8 24.Kb1 Nc5 25.Bd4 Kf8 26.Bxg7+ Kxg7 27.Be2 Ne4 28.Nd4 Kf6 29.Bf3 Nd6
30.g4 hxg4 31.hxg4 Rh2 32.Rh1 Rch8 33.Rxh2 Rxh2 34.Rh1 Rf2 35.Rh8 Nc4 36.Kc1 Nxb2
37.Be2 Na4 38.Kd2 Rxf4 39.Rb8 b4 40.Bd3 bxc3+ 41.Ke3 Rxg4 42.Rxb7 Rg3+ 43.Nf3 Nc5
44.Kd4  0-1

[Event "Politiken Cup"]
[Site "Copenhagen DEN"]
[Date "2010.08.08"]
[Round "10"]
[White "Meier,L"]
[Black "Christensen,Es"]
[Result "1-0"]
[WhiteElo "1934"]
[BlackElo "2098"]

1.e4 c5 2.c3 Nf6 3.e5 Nd5 4.d4 cxd4 5.cxd4 b6 6.Nf3 e6 7.Nc3 Nxc3 8.bxc3 Qc7
9.Bd2 Bb7 10.Bd3 d6 11.O-O Nd7 12.exd6 Bxd6 13.h3 O-O 14.Re1 Rac8 15.Ng5 Nf6
16.Qb1 h6 17.Nh7 Nxh7 18.Bxh7+ Kh8 19.Bd3 Bf4 20.Bxf4 Qxf4 21.Be4 Bxe4 22.Rxe4 Qd2
23.Qe1 Qxc3 24.Qxc3 Rxc3 25.a4 Rd8 26.a5 b5 27.a6 Rc6 28.Re5 Rb6 29.Rc5 Rdd6
30.Rb1 Rxa6 31.Rbxb5 Rxd4 32.Rb7 Rf4 33.f3 Ra1+ 34.Kf2 Kg8 35.Rc8+ Kh7 36.Rcc7 a5
37.Rxf7 Rxf7 38.Rxf7 Kg6 39.Ra7 a4 40.Kg3 a3 41.h4 Kf6 42.Ra4 Ke5 43.Ra7 Kd4
44.Rxg7 Kc3 45.Rc7+ Kb2 46.Rb7+ Ka2 47.Rb6 Re1 48.Kg4 Re2 49.g3 Ka1 50.Kh5 a2
51.Kxh6 Rb2 52.Rxe6 Kb1 53.Ra6 a1=Q 54.Rxa1+ Kxa1 55.g4 Rb6+ 56.Kh5 Rf6 57.g5 Rxf3
58.g6 Rg3 59.Kh6 Kb2 60.h5 Kc3 61.Kh7 Kd4 62.g7 Ke5 63.g8=Q Rxg8 64.Kxg8 Kf6
65.h6  1-0

[Event "14th HZ Open"]
[Site "Vlissingen NED"]
[Date "2010.08.08"]
[Round "3"]
[White "Van Veen,O"]
[Black "Bitalzadeh,A"]
[Result "0-1"]
[WhiteElo "2199"]
[BlackElo "2415"]

1.e4 c5 2.c3 Nf6 3.e5 Nd5 4.Bc4 Nb6 5.Bb3 c4 6.Bc2 Nc6 7.Nf3 Qc7 8.Qe2 g5
9.h3 Bg7 10.O-O h5 11.Na3 g4 12.Nb5 Qb8 13.Ng5 Qxe5 14.Qxe5 Bxe5 15.f4 Bb8
16.b3 a6 17.Na3 d5 18.bxc4 dxc4 19.Rb1 f6 20.Bg6+ Kf8 21.Nf7 Rg8 22.f5 Rxg6
23.fxg6 Kg7 24.Rxb6 Ba7 25.Nxc4 Be6 26.d4 Bxc4 27.Rxb7 Kxg6 28.Rc7 gxh3 29.gxh3 Kxf7
30.Rxc6 Rg8+ 31.Kf2 Bb5 32.Rc7 Bb8 33.c4 Bxc7 34.cxb5 axb5 35.Ke2 Rg2+ 36.Rf2 Rxf2+
37.Kxf2 Bb6 38.Bb2 e5 39.Ke3 f5 40.Kd3 e4+ 41.Ke3 Ke6  0-1

[Event "49th WJun"]
[Site "Chotowa POL"]
[Date "2010.08.09"]
[Round "6"]
[White "Kanmazalp,O"]
[Black "Spoelman,W"]
[Result "1/2-1/2"]
[WhiteElo "2381"]
[BlackElo "2580"]

1.e4 c5 2.c3 Nf6 3.e5 Nd5 4.Nf3 Nc6 5.Bc4 Nb6 6.Bb3 c4 7.Bc2 Qc7 8.Qe2 g5
9.Na3 g4 10.Nb5 Qb8 11.Nh4 Nxe5 12.O-O d5 13.f4 gxf3 14.Nxf3 Bg7 15.Nxe5 Qxe5
16.Qf2 O-O 17.Qh4 f5 18.d4 cxd3 19.Bxd3 Nc4 20.Bf4 Qf6 21.Qxf6 Bxf6 22.Bxc4 dxc4
23.Nc7 Rb8  1/2-1/2

[Event "XIV Republica"]
[Site "Villa Martelli ARG"]
[Date "2010.08.09"]
[Round "6"]
[White "Saldano Dayer,H"]
[Black "Mareco,S"]
[Result "1/2-1/2"]
[WhiteElo "2428"]
[BlackElo "2527"]

1.e4 c5 2.c3 Nf6 3.e5 Nd5 4.Nf3 e6 5.Bc4 d6 6.d4 cxd4 7.cxd4 Nc6 8.O-O Be7
9.Bxd5 exd5 10.Nc3 Be6 11.Bf4 O-O 12.exd6 Bxd6 13.Bxd6 Qxd6 14.h3 Rac8 15.Qd2 Na5
16.b3 Qb4 17.Rac1 Nc6 18.Rfe1 h6 19.Qf4 Qa3 20.Qd2 Qb4 21.Qf4  1/2-1/2

[Event "49th WJun"]
[Site "Chotowa POL"]
[Date "2010.08.10"]
[Round "7"]
[White "Soors,S"]
[Black "Recuero Guerra,D"]
[Result "1-0"]
[WhiteElo "2259"]
[BlackElo "2470"]

1.e4 c5 2.c3 Nf6 3.e5 Nd5 4.d4 cxd4 5.cxd4 e6 6.Nf3 d6 7.a3 Qc7 8.Bd2 Nc6
9.Nc3 dxe5 10.dxe5 Nxc3 11.Bxc3 Bd7 12.Bd3 Be7 13.Qe2 a6 14.O-O Rc8 15.Rac1 Nb8
16.Nd2 Bc6 17.f4 Bd5 18.f5 exf5 19.Bxf5 Be6 20.Ne4 Qb6+ 21.Kh1 Bxf5 22.Nd6+ Bxd6
23.exd6+ Be6 24.Bxg7 Rxc1 25.Rxc1 Rg8 26.Rc8+ Qd8 27.Rxd8+ Kxd8 28.Qf2 Nd7
29.Qc2 f5 30.Qc3 Ke8 31.Kg1 Kf7 32.Bh6 Nf6 33.Qc7+ Kg6 34.Qe7 Bd7 35.h4 Bc6
36.Bg5 Nd7 37.Qe6+ Nf6 38.Qe7 Nd7 39.Qe6+ Kg7 40.h5  1-0

[Event "49th WJun"]
[Site "Chotowa POL"]
[Date "2010.08.10"]
[Round "7"]
[White "Potapov,P"]
[Black "Zhou,Y"]
[Result "1-0"]
[WhiteElo "2445"]
[BlackElo "2348"]

1.e4 c5 2.c3 Nf6 3.e5 Nd5 4.Nf3 e6 5.d4 cxd4 6.cxd4 d6 7.Bc4 Nc6 8.O-O Be7
9.a3 O-O 10.Re1 Bd7 11.Bd2 Rc8 12.Nc3 dxe5 13.dxe5 Ncb4 14.Bb3 Nd3 15.Nxd5 exd5
16.Ba5 Qxa5 17.Qxd3 Be6 18.h4 Qb6 19.Rad1 Rfd8 20.Rd2 g6 21.Ng5 Bxg5 22.hxg5 d4
23.Bxe6 Qxe6 24.Qe4 Qd5 25.Qxd5 Rxd5 26.f4 Rb5 27.b4 Rd5 28.Red1 Rc4 29.Kf2 a5
30.bxa5 Kf8 31.Rb1 Rxa5 32.Rxb7 Rxa3 33.Rd7 Raa4 34.g3 Ke8 35.Rd6 Ke7 36.Rd3 Rc3
37.R6xd4 Rxd4 38.Rxc3 Kf8 39.Kf3 Kg7 40.g4 Ra4 41.f5 gxf5 42.gxf5 Ra5 43.Ke4 Ra4+
44.Ke3 Rg4 45.Rc7 Kf8 46.f6 Ke8 47.Rc8+ Kd7 48.Rf8 Ke6 49.Re8+ Kf5 50.e6 Re4+
51.Kf3 Rxe6 52.Rxe6 Kxe6 53.Kg4 h6 54.gxh6 Kxf6 55.Kh5  1-0

[Event "49th WJun"]
[Site "Chotowa POL"]
[Date "2010.08.11"]
[Round "8"]
[White "Leniart,A"]
[Black "Sethuraman,S"]
[Result "1/2-1/2"]
[WhiteElo "2423"]
[BlackElo "2513"]

1.e4 c5 2.c3 Nf6 3.e5 Nd5 4.Nf3 e6 5.d4 cxd4 6.c4 Nb6 7.Nxd4 d6 8.exd6 Bxd6
9.Nb5 Bb4+ 10.Bd2 Be7 11.Bc3 O-O 12.Qxd8 Bxd8 13.Nd6 Nc6 14.b3 Be7 15.Nxc8 Raxc8
16.Bd3 f5 17.Nd2 Bb4 18.Bxb4 Nxb4 19.Ke2 Rfd8 20.Bb1 a5 21.a3 Nc6 22.Nf3 a4
23.bxa4 Nxa4 24.Rc1 Nc5 25.Bc2 e5 26.Bxf5 e4 27.Bxc8 exf3+ 28.Kxf3 Rxc8 29.Rab1 Nb3
30.Rd1 Ncd4+ 31.Ke4 Rxc4 32.Kd5 Rc8 33.Rd3 Rd8+ 34.Kc4 b5+ 35.Kb4 Nc6+ 36.Kc3 Nbd4
37.Rbd1 Ne2+ 38.Kb2 Rf8 39.f3 Nf4 40.R3d2 Ng6 41.Rd5 Rb8 42.Rc5 Nge5 43.Rdd5 Nc4+
44.Kb3 Ne3 45.Rd3 Nc4 46.Rdd5 Ne3 47.Rd3  1/2-1/2

[Event "TCh-MKD"]
[Site "Struga MKD"]
[Date "2010.08.11"]
[Round "3"]
[White "Trajkoski,S"]
[Black "Colovic,A"]
[Result "0-1"]
[WhiteElo "2315"]
[BlackElo "2452"]

1.e4 c5 2.c3 Nf6 3.e5 Nd5 4.d4 cxd4 5.Nf3 e6 6.cxd4 d6 7.a3 Bd7 8.Bd3 Bc6
9.O-O Nd7 10.Qe2 Be7 11.Bd2 dxe5 12.Nxe5 Nxe5 13.dxe5 Qb6 14.Nc3 Nxc3 15.Bxc3 O-O
16.Rac1 Rfd8 17.Bb1 g6 18.Rfd1 Ba4 19.Rxd8+ Rxd8 20.Qg4 Bb3 21.h4 h5 22.Qf4 Rc8
23.Bd2 Rxc1+ 24.Bxc1 Qd8 25.Be4 Bxh4 26.Bxb7 Qd1+ 27.Kh2 Bxf2 28.Bf3 Qg1+
29.Kh3  0-1

[Event "49th WJun"]
[Site "Chotowa POL"]
[Date "2010.08.12"]
[Round "9"]
[White "Kanmazalp,O"]
[Black "Recuero Guerra,D"]
[Result "1/2-1/2"]
[WhiteElo "2381"]
[BlackElo "2470"]

1.e4 c5 2.c3 Nf6 3.e5 Nd5 4.Nf3 e6 5.d4 cxd4 6.cxd4 d6 7.Bc4 Nc6 8.O-O Be7
9.exd6 Qxd6 10.Nc3 Nxc3 11.bxc3 O-O 12.Re1 Bd7 13.Ng5 Bxg5 14.Bxg5 Rac8 15.Bd3 Ne7
16.Qh5 Ng6 17.Bd2 Bc6 18.Re3 Qd5 19.Qxd5 Bxd5 20.Bxg6 hxg6 21.Ree1 Rc4 22.Reb1 Rd8
23.Rb4 Rxb4 24.cxb4 Rc8 25.a3 Rc2 26.Bf4 Rc3 27.f3 a6 28.Kf2 Bc6 29.h4 Rd3
30.Be3 Rb3 31.Bf4 Rd3 32.Be3 Kf8 33.a4 Rb3 34.Bd2 Ke7 35.a5 Kd6 36.Rc1 Kd5
37.Rc3 Rb2 38.Ke3 Kd6 39.Rc1 Ra2 40.Rc5 Ra3+ 41.Rc3 Ra1 42.Rc1 Kd5  1/2-1/2

[Event "ch-SLO"]
[Site "Ljubljana SLO"]
[Date "2010.08.13"]
[Round "7"]
[White "Gjuran,D"]
[Black "Jelen,Ig"]
[Result "1/2-1/2"]
[WhiteElo "2351"]
[BlackElo "2383"]

1.e4 c5 2.c3 Nf6 3.e5 Nd5 4.d4 cxd4 5.Nf3 Nc6 6.cxd4 d6 7.Bc4 Nb6 8.Bb5 dxe5
9.Nxe5 Bd7 10.Nxd7 Qxd7 11.Nc3 Rd8 12.O-O e6 13.Be3 Be7 14.Qb3 O-O 15.Rfd1 Nd5
16.Nxd5 Qxd5 17.Qxd5  1/2-1/2

[Event "7th Marques Prol"]
[Site "Santos BRA"]
[Date "2010.08.13"]
[Round "6"]
[White "Van Riemsdijk,D"]
[Black "Larrea,M"]
[Result "1/2-1/2"]
[WhiteElo "2213"]
[BlackElo "2303"]

1.e4 c5 2.c3 Nf6 3.e5 Nd5 4.d4 cxd4 5.Nf3 Nc6 6.Bc4 Nb6 7.Bb3 d5 8.exd6 Qxd6
9.O-O Be6 10.Na3 Bxb3 11.axb3 e6 12.Nb5 Qd7 13.Nbxd4 Nxd4 14.Nxd4 Bc5 15.Be3 Nd5
16.Nxe6 Bxe3 17.Qxd5 fxe6 18.Qxd7+ Kxd7 19.fxe3 Ke7 20.Rad1 Rad8 21.Kf2 Rhf8+
22.Ke2 Rxd1 23.Rxd1 Rf5 24.b4 Rg5 25.g3 Rh5 26.h4 a5 27.Rd4 Rb5 28.Rg4 Kf6
29.Rg5 e5 30.Rg4 axb4 31.cxb4 g6 32.Rc4 h5 33.e4 g5 34.Kd2 Rb6 35.Kc3 gxh4
36.gxh4 Rd6 37.b5 Ke6 38.Rc7 b6 39.Rh7 Rd4 40.Rh6+ Kd7 41.Rxh5 Rxe4 42.Rh6 Kc7
43.h5 Rh4 44.Rc6+ Kb7 45.h6 Rh3+ 46.Kc4 e4 47.Rg6 e3 48.Kd3 Kc7 49.b4 Rh4
50.Rg7+ Kd6 51.h7 Rh3 52.Rb7 Kd5 53.Rxb6 Rxh7 54.Rc6 Re7 55.Rc5+ Kd6 56.Ke2 Re4
57.Rh5  1/2-1/2

[Event "14th HZ Open"]
[Site "Vlissingen NED"]
[Date "2010.08.13"]
[Round "8"]
[White "Swijsen,L"]
[Black "Nabuurs,J"]
[Result "0-1"]
[WhiteElo "1922"]
[BlackElo "2222"]

1.e4 c5 2.c3 Nf6 3.e5 Nd5 4.d4 cxd4 5.cxd4 d6 6.Nf3 Nc6 7.Bc4 Nb6 8.Bb5 a6
9.Bxc6+ bxc6 10.O-O Bg4 11.Qd3 e6 12.Qe4 Bxf3 13.Qxf3 d5 14.Be3 Be7 15.Qg4 g6
16.Rc1 h5 17.Qe2 Qd7 18.Nd2 O-O 19.h3 Qb7 20.g4 hxg4 21.hxg4 Kg7 22.Kg2 Rh8
23.Rh1 c5 24.f4 Nc4 25.f5 exf5 26.gxf5 gxf5 27.Rag1 Rag8 28.Nxc4 Kf8+ 29.Kf2 Rxh1
30.Rxh1 dxc4 31.Qf3 Qxb2+ 32.Ke1 Qb1+ 33.Kd2 Rg2+ 34.Bf2 Qxh1  0-1

[Event "14th HZ Open"]
[Site "Vlissingen NED"]
[Date "2010.08.13"]
[Round "8"]
[White "Michalczak,T"]
[Black "Admiraal,M"]
[Result "1/2-1/2"]
[WhiteElo "2367"]
[BlackElo "2221"]

1.e4 c5 2.c3 Nf6 3.e5 Nd5 4.Nf3 e6 5.d4 cxd4 6.cxd4 d6 7.Bc4 Nc6 8.O-O Be7
9.exd6 Qxd6 10.Nc3 O-O 11.Re1 Bd7 12.Bb3 Rfd8 13.a3 Rac8 14.Qd3 Nxc3 15.bxc3 Na5
16.Bc2 g6 17.Ng5 Be8 18.Qh3 h5 19.g4 Qc7 20.Bd2 Bxg5 21.Bxg5 Rd5 22.Bf6 Qxc3
23.Qxc3 Rxc3 24.Be4 Rd6 25.gxh5 Rc4 26.Rac1 Bc6 27.Be5 Rdxd4 28.Rxc4 Rxc4
29.Rd1 Bd5 30.Bxd5 exd5 31.Rxd5 Nc6 32.Bb2 Rg4+ 33.Kf1 gxh5 34.Rxh5 Kf8 35.h4 Rc4
36.Bf6 Ke8 37.Rf5 Kd7 38.h5 Ke6 39.h6 Ne7 40.h7 Ng6 41.Rg5 Rh4 42.Bd4 Rxh7
43.Bxa7 Nf4 44.Ke1 Rh3 45.a4 Ra3 46.a5 Nd5 47.Bd4 Rxa5 48.Re5+ Kd6 49.Rf5 Ra4
50.Rxf7 Rxd4 51.Rxb7 Ke5 52.f4+ Kxf4 53.Rb3 Nf6 54.Ke2 Ne4 55.Rf3+ Ke5 56.Rd3 Ra4
57.Ke3 Nf6 58.Rb3 Nd5+ 59.Kf3 Ra1 60.Kg3 Ke4 61.Rb8 Rg1+ 62.Kf2 Rg6 63.Re8+ Kd4
64.Rd8 Rf6+ 65.Kg3 Rf7 66.Kg2 Ke4 67.Re8+ Kf4 68.Re1 Ne3+ 69.Kf2 Ke4+ 70.Ke2 Ra7
71.Kf2 Ra2+ 72.Kg3 Rg2+ 73.Kh3 Rg8 74.Ra1 Kf3 75.Kh4 Nf5+ 76.Kh5 Kf4 77.Ra4+ Ke5
78.Ra5+ Ke6 79.Ra6+ Nd6 80.Kh4 Ke5 81.Kh3 Ne4 82.Ra7 Kf4 83.Rf7+ Ke3 84.Kh4 Nd6
85.Rf1 Ne4 86.Rf7 Rh8+ 87.Kg4 Rg8+ 88.Kh4 Rg1 89.Rf8 Nd2 90.Re8+ Kf2 91.Kh5 Nf3
92.Rf8 Rg3 93.Kh6 Ke3 94.Re8+ Kf4 95.Rf8+ Ke4 96.Ra8 Ne5 97.Kh5 Nd7 98.Ra4+ Kf5
99.Kh4 Rg8 100.Kh3 Nf6 101.Kh2 Ne4 102.Kh3 Kf4 103.Kh2 Kf3 104.Ra3+  1/2-1/2

[Event "Open"]
[Site "Geraardsbergen BEL"]
[Date "2010.08.14"]
[Round "7"]
[White "Ringoir,T"]
[Black "Goormachtigh,J"]
[Result "1/2-1/2"]
[WhiteElo "2390"]
[BlackElo "2282"]

1.e4 c5 2.c3 Nf6 3.e5 Nd5 4.d4 cxd4 5.cxd4 e6 6.Nf3 d6 7.Bc4 Nb6 8.Bb3 dxe5
9.Nxe5 Nc6 10.Nf3 Be7 11.O-O O-O 12.Nc3 Nb4 13.a3 N4d5 14.Ne4 Bd7 15.Re1 Rc8
16.Qd3 Ba4 17.Ba2 Bc2 18.Qe2 Nf6 19.Neg5 Nbd5 20.Nxe6 fxe6 21.Qxe6+ Kh8 22.Ne5 Bg6
23.Nxg6+ hxg6 24.Bg5 Qd6 25.Bxf6 Qxe6 26.Rxe6 Bxf6 27.Bxd5 Bxd4 28.Re2 Rc5
29.Bxb7 Rb8 30.Be4 Rxb2 31.Rxb2 Bxb2 32.Rb1 Rc1+ 33.Rxc1 Bxc1 34.a4 g5 35.Kf1 Kg8
36.Ke2 Kf7 37.Kf3 Ba3 38.Kg4 Kf6 39.g3 Bc5 40.f4 gxf4 41.Kxf4 g5+ 42.Kg4 Be3
43.h4  1/2-1/2

[Event "49th WJun"]
[Site "Chotowa POL"]
[Date "2010.08.15"]
[Round "12"]
[White "Potapov,P"]
[Black "Kanarek,M"]
[Result "1-0"]
[WhiteElo "2445"]
[BlackElo "2387"]

1.e4 c5 2.c3 Nf6 3.e5 Nd5 4.Nf3 d6 5.d4 cxd4 6.cxd4 Nc6 7.Bc4 Nb6 8.Bb5 dxe5
9.Nxe5 Bd7 10.Nxd7 Qxd7 11.O-O e6 12.Nc3 Rd8 13.a4 a6 14.Bxc6 Qxc6 15.Bg5 f6
16.Be3 Bb4 17.d5 Nxd5 18.Nxd5 Rxd5 19.Qg4 Bf8 20.Rac1 f5 21.Qf4 Qd7 22.Qb8+ Kf7
23.Rc7 Be7 24.Qxb7 Qd8 25.h3 Re8 26.Bf4 a5 27.Kh2 Kf6 28.Rfc1 Qb8 29.Qc6 Red8
30.Qc3+ e5 31.Qg3 exf4 32.Qh4+ Kg6 33.Qxe7 Qxb2 34.R1c3 Kh5 35.Qf7+ Kh4 36.Qxg7 R8d6
37.Qxh7+  1-0

[Event "49th WJun"]
[Site "Chotowa POL"]
[Date "2010.08.15"]
[Round "12"]
[White "Leniart,A"]
[Black "Durarbeyli,V"]
[Result "1/2-1/2"]
[WhiteElo "2423"]
[BlackElo "2501"]

1.e4 c5 2.c3 Nf6 3.e5 Nd5 4.Bc4 Nb6 5.Bb3 c4 6.Bc2 g6 7.Nf3 Bg7 8.O-O d6
9.exd6 Qxd6 10.d4 cxd3 11.Qxd3 Qxd3 12.Bxd3 Nc6 13.Na3 Be6 14.Be2 h6 15.Nb5 O-O-O
16.Be3 Nd5 17.Bd2 a6 18.Nbd4 Nxd4 19.Nxd4 Nc7 20.Be3 Bd7 21.Rad1 Nd5 22.Bc1 e5
23.Nb3 Nb6 24.Be3 Kc7 25.Nc5 Bc6 26.c4 Na4 27.Nxa4 Bxa4 28.b3 Bc6 29.a4 a5
30.Bd2 b6 31.c5 e4 32.cxb6+ Kxb6 33.Be3+ Kb7 34.Bd2 Kb6 35.Be3+ Kb7 36.Rc1 Bd4
37.Rc4 Bxe3 38.fxe3 f5 39.Rfc1 Rd6 40.b4 axb4 41.Rxb4+ Ka7 42.Rc5 Bb7 43.Rc7 Rb8
44.a5 Ka8 45.Rb6 Rxb6 46.axb6 Rc8 47.Rg7 g5 48.Rf7 Rc1+ 49.Kf2 Bc8 50.b7+ Bxb7
51.Rxf5 Rc6 52.g3 Kb8 53.h4 gxh4 54.gxh4 Rc2 55.Rf6 Bd5 56.Ke1 Rc6 57.Rxc6 Bxc6
58.Kf2 Kc7 59.Kg3 Kd6 60.Kf4 Ke6 61.Bg4+ Kf6 62.Bf5 Ba4 63.Bxe4 Bb3 64.Bd3 Bd5
65.Be2 Bb3 66.e4 Bc2 67.e5+ Ke6 68.Bc4+ Ke7 69.Bd5 Bd1 70.Kf5 Bc2+ 71.Be4 Bd1
72.Bd3 Bb3 73.Kg6 Ke6 74.Kxh6 Kxe5 75.Kg5 Bd1 76.Bf5  1/2-1/2

[Event "7th Marques Prol"]
[Site "Santos BRA"]
[Date "2010.08.15"]
[Round "9"]
[White "Van Riemsdijk,D"]
[Black "Martins,Vin"]
[Result "0-1"]
[WhiteElo "2213"]
[BlackElo "2250"]

1.e4 c5 2.c3 Nf6 3.e5 Nd5 4.d4 cxd4 5.cxd4 e6 6.a3 d6 7.Bd3 Nc6 8.Nf3 Qc7
9.exd6 Bxd6 10.Nc3 Nxc3 11.bxc3 Bf4 12.O-O O-O 13.Qe2 Bxc1 14.Raxc1 Qf4 15.g3 Qf6
16.Rfe1 Rd8 17.h4 g6 18.Qe4 Bd7 19.h5 Ne7 20.Ne5 Bc6 21.Nxc6 Nxc6 22.Rb1 Na5
23.Re3 Rac8 24.Rf3 Qg5 25.hxg6 hxg6 26.c4 a6 27.Re1 Rd7 28.Qe2 Rcd8 29.d5 exd5
30.Re3 dxc4 31.Re8+ Kg7 32.Bxc4 Nxc4 33.Qxc4 Rxe8 34.Rxe8 Rd1+ 35.Kh2 Qh5+
36.Qh4 Qxh4+ 37.gxh4 Rd4 38.Kg3 Rd3+ 39.Kf4 Rxa3 40.h5 Ra4+ 41.Ke3 gxh5 42.f4 b5
43.Re5 h4 44.Kf3 h3 45.Rh5 b4 46.Kg4 Ra3 47.Kf5 Ra5+  0-1

[Event "TCh-MKD"]
[Site "Struga MKD"]
[Date "2010.08.15"]
[Round "7"]
[White "Trajkoski,S"]
[Black "Dancevski,O"]
[Result "1/2-1/2"]
[WhiteElo "2315"]
[BlackElo "2423"]

1.e4 c5 2.c3 Nf6 3.e5 Nd5 4.d4 cxd4 5.Nf3 d6 6.cxd4 Nc6 7.Bc4 e6 8.O-O Be7
9.exd6 Qxd6 10.Nc3 Nxc3 11.bxc3 O-O 12.Re1 Bd7 13.Rb1 Rac8  1/2-1/2

[Event "Pan-Armenian Olym"]
[Site "Yerevan ARM"]
[Date "2010.08.18"]
[Round "4"]
[White "Seferjan,N"]
[Black "Inants,A"]
[Result "1/2-1/2"]
[WhiteElo "2441"]
[BlackElo "2275"]

1.e4 c5 2.c3 Nf6 3.e5 Nd5 4.d4 cxd4 5.Nf3 e6 6.cxd4 b6 7.Bd3 d6 8.O-O Nd7
9.a3 dxe5 10.Nxe5 Bd6 11.f4 Bb7 12.Qe2 O-O 13.Nd2 Bc7 14.Ne4 f6 15.Nxd7 Qxd7
16.Nc3 Rad8 17.Nxd5 Bxd5  1/2-1/2

[Event "Pan-Armenian Olym"]
[Site "Yerevan ARM"]
[Date "2010.08.20"]
[Round "6"]
[White "Seferjan,N"]
[Black "Hairapetian,A"]
[Result "1-0"]
[WhiteElo "2441"]
[BlackElo "2213"]

1.e4 c5 2.c3 Nf6 3.e5 Nd5 4.Nf3 Nc6 5.d4 cxd4 6.Bc4 Nb6 7.Bb3 d5 8.exd6 Qxd6
9.Na3 a6 10.O-O e6 11.Nxd4 Nxd4 12.cxd4 Be7 13.Qf3 O-O 14.Rd1 Qc6 15.Qh5 Nd5
16.Nc4 Nf6 17.Qa5 b5 18.Ne5 Qd6 19.Bf4 Nd5 20.Bg3 f5 21.f3 f4 22.Bf2 Bb7
23.Rac1 Rac8 24.Qd2 Qb4 25.Qd3 Rxc1 26.Rxc1 Rd8 27.Nc6 Bxc6 28.Rxc6 Kh8 29.Rxe6 Bf8
30.Be1  1-0

[Event "6th Geller Memorial Open A"]
[Site "Odessa UKR"]
[Date "2010.08.21"]
[Round "1"]
[White "Ivanov,VA UKR"]
[Black "Budnikov,O"]
[Result "0-1"]
[WhiteElo "2084"]
[BlackElo "2398"]

1.e4 c5 2.c3 Nf6 3.e5 Nd5 4.d4 cxd4 5.cxd4 e6 6.Nc3 Nxc3 7.bxc3 Qc7 8.Bd2 d6
9.f4 Nc6 10.Bd3 Be7 11.Nf3 O-O 12.Qe2 f5 13.exf6 Bxf6 14.O-O g6 15.Ng5 Qe7
16.Rae1 e5 17.d5 exf4 18.Nxh7 Qxh7 19.dxc6 Be5 20.Qe4 bxc6 21.Qc4+ Qf7 22.Qxf7+ Rxf7
23.Bxg6 Rf6 24.Be4 Bd7 25.Rb1 d5 26.Bf3 Bd6 27.Rb7 Bc8 28.Rb3 Ba6 29.Re1 Bc4
30.Rb2 Ba3 31.Rb7 Bxa2 32.Bg4 Bc5+ 33.Kh1 Bc4 34.Re6 Raf8 35.Rc7 Rxe6 36.Bxe6+ Kh8
37.Rxc6 Rb8 38.h4 Be3 39.Bxe3 fxe3 40.Bg4 e2 41.Bxe2 Bxe2 42.Rc7 Ra8 43.Re7 Bd3
44.Re5 Bc4 45.Re1 a5 46.Ra1 a4  0-1

[Event "TCh-SRB 1st League"]
[Site "Vrnjacka Banja SRB"]
[Date "2010.08.21"]
[Round "1"]
[White "Podinic,V"]
[Black "Halkias,S"]
[Result "0-1"]
[WhiteElo "2400"]
[BlackElo "2588"]

1.e4 c5 2.c3 Nf6 3.d3 Nc6 4.f4 e5 5.fxe5 Nxe5 6.Nf3 d6 7.Be2 Be7 8.O-O O-O
9.Na3 Ng6 10.Nc2 Be6 11.Ng5 Qd7 12.Ne3 d5 13.Nxe6 fxe6 14.exd5 exd5 15.Nf5 Rae8
16.Nxe7+ Qxe7 17.Bf3 h6 18.Qb3 c4 19.dxc4 Qc5+ 20.Kh1 Ne4 21.Qc2 Nf2+ 22.Kg1 Nd3+
23.Kh1 dxc4 24.b3 Nh4 25.Bb2 Nxf3 26.gxf3 Qc6 27.Qg2 Rf5 28.bxc4 Re6 29.Ba3 Re3
30.Bc1 Re6 31.Ba3 Ref6 32.Rg1 Rg5  0-1

[Event "TCh-SRB 1st League"]
[Site "Vrnjacka Banja SRB"]
[Date "2010.08.21"]
[Round "1"]
[White "Pap,M"]
[Black "Todorovic,GM"]
[Result "1/2-1/2"]
[WhiteElo "2509"]
[BlackElo "2458"]

1.e4 c5 2.c3 Nf6 3.e5 Nd5 4.Nf3 Nc6 5.d4 cxd4 6.cxd4 d6 7.Bc4 Nb6 8.Bb5 d5
9.Nh4 Qc7 10.Nc3 a6 11.Be2 Bd7 12.O-O e6 13.Nf3 Rc8 14.a3 Na5 15.Bd3 f6 16.h4 Nac4
17.Ne2 Na5 18.a4 Bb4 19.b3 Qd8 20.Be3 Qe7 21.Rc1 Rxc1 22.Bxc1 Nc6 23.Ng3 f5
24.Nh5 Qf7 25.Nf4 Kd8 26.h5 Kc7 27.Bd2 Kb8 28.Qe1 Bxd2 29.Qxd2 Rc8 30.Rc1 Qe7
31.Rc5 Be8 32.g3 Bf7 33.Kg2 Qe8 34.b4 Nxa4 35.Rc1 b5 36.Bc2 Nb6 37.Ra1 Kb7
38.Ne1 Bxh5 39.Ned3 Nd7 40.Nxe6 Qxe6 41.Nf4 Qe8 42.Bxf5 Ndb8 43.Bxc8+ Kxc8
44.Nxd5 Bf7 45.Ne3 Qd7 46.Rc1 Kb7 47.e6 Bxe6 48.d5 Ne5 49.Qd4 Bh3+ 50.Kh1 Ng4
51.Kg1 Nf6 52.Qe5 Ne8 53.f3 g6 54.g4 h5 55.Qe6 hxg4 56.Kh2 Nc7 57.Qxd7 Nxd7
58.fxg4 Bxg4 59.d6 Ne8 60.Nxg4 Nxd6 61.Ne3 Ne5 62.Rc5 Nc6 63.Nd5 Nc4 64.Kg3 Nb6
65.Nc3 Nxb4 66.Nxb5 axb5 67.Rxb5 Nd5 68.Kg4 Kc6 69.Rb1  1/2-1/2

[Event "9th Open"]
[Site "Istanbul TUR"]
[Date "2010.08.22"]
[Round "3"]
[White "Ali Marandi,C"]
[Black "Gasanov,E"]
[Result "1/2-1/2"]
[WhiteElo "2149"]
[BlackElo "2482"]

1.e4 c5 2.c3 Nf6 3.e5 Nd5 4.d4 cxd4 5.Nf3 Nc6 6.cxd4 d6 7.Bc4 e6 8.O-O Be7
9.Qe2 O-O 10.Qe4 Ndb4 11.exd6 Qxd6 12.Bf4 Qd8 13.Nc3 Na5 14.Be2 Bd7 15.Ne5 Bc6
16.Nxc6 Naxc6 17.Rad1 Nd5 18.Nxd5 exd5 19.Qf3 Bf6 20.Be5 Nxe5 21.dxe5 Bxe5
22.Rxd5 Qc7  1/2-1/2

[Event "6th Geller Memorial Open A"]
[Site "Odessa UKR"]
[Date "2010.08.22"]
[Round "2"]
[White "Kovalyov,E"]
[Black "Rudenko,S"]
[Result "1-0"]
[WhiteElo "2248"]
[BlackElo "1906"]

1.e4 c5 2.c3 Nf6 3.e5 Nd5 4.Nf3 Nc6 5.Bc4 e6 6.d4 cxd4 7.cxd4 d6 8.O-O dxe5
9.dxe5 Qc7 10.Bxd5 exd5 11.Nc3 Be6 12.Nxd5 Qa5 13.Nf4 Rd8 14.Qe2 Bg4 15.e6 f6
16.Qe4 Bd6 17.h3 Bxf3 18.Qxf3 O-O 19.e7 Nxe7 20.Qxb7 g5 21.Qb3+ Kh8 22.Nd3 Nf5
23.Ne1 Nd4 24.Qd3 Rfe8 25.Nf3 Ne2+ 26.Kh1 Bf4 27.Qb3 Nxc1 28.Raxc1 Bxc1 29.Rxc1 Qd5
30.Qa4 a5 31.Qa3 Rc8 32.Rxc8 Rxc8 33.Qe7 Rc1+ 34.Kh2 Qc6 35.Qf8+  1-0

[Event "6th Prospero A Pichay Cup"]
[Site "Manila PHI"]
[Date "2010.08.23"]
[Round "5"]
[White "Kulkarni,R"]
[Black "Haznedaroglu,K"]
[Result "1-0"]
[WhiteElo "2194"]
[BlackElo "2501"]

1.e4 c5 2.c3 Nf6 3.e5 Nd5 4.Bc4 Nb6 5.Bb3 c4 6.Bc2 Nc6 7.Nf3 d6 8.exd6 Qxd6
9.O-O Bg4 10.Qe2 e6 11.b3 cxb3 12.axb3 Be7 13.h3 Bh5 14.d4 O-O 15.Nbd2 Nd5
16.Ne4 Qc7 17.Ng3 Bxf3 18.Qxf3 Nxd4 19.Bxh7+ Kxh7 20.cxd4 Kg8 21.Be3 Qc2
22.Rfc1 Qxb3 23.Rab1 Qd3 24.Rxb7 a5 25.Nh5 a4 26.Nxg7 Qg6 27.Nh5 Rfc8 28.Rxc8+ Rxc8
29.Nf4 Nxe3 30.Qxe3 Qg5 31.h4 Qh6 32.Ng6  1-0